000 00322nam a2200121Ia 4500
005 20260326100034.0
008 260326s9999||||xx |||||||||||||| ||und||
100 _aHubbell, Elbert
245 0 _aEarth Brick Construction /
_cElbert Hubbell
260 _bChilocco Architectural School
650 _aCONSTRUCCIÓN
942 _cBK
999 _c6711
_d6711